| 000 | 00734nam a2200277Ia 4500 | ||
|---|---|---|---|
| 005 | 20250425162400.0 | ||
| 008 | 250425s9999 xx 000 0 und d | ||
| 020 | _a9706865403 | ||
| 041 | _aspa | ||
| 082 | _a512.13 | ||
| 100 | _aSWOKOWSKI, EARL, W. | ||
| 245 | 0 | _aALGEBRA Y TRIGONOMETRIA CON GEOMETRIA ANALITICA | |
| 250 | _a11A ED. | ||
| 260 | _aMEXICO | ||
| 260 |
_aMéxico _bINTERNATIONAL THOMSON EDITORES _c2006 |
||
| 300 | _a910 | ||
| 500 | _aConsultar inv. 39655 en BIBTEC | ||
| 650 | _aALGEBRA | ||
| 650 | _aFUNCIONES (MATEMATICAS) | ||
| 650 | _aGEOMETRIA ANALITICA | ||
| 650 | _aSUCESIONES (MATEMATICAS) | ||
| 650 | _aTRIGONOMETRIA | ||
| 700 | _aCOLE, JEFFERY A. | ||
| 942 | _c01 | ||
| 010 | _a67763 | ||
| 999 |
_c228093 _d228093 |
||